Incidencia en Políticas Públicas. Sistematización de las experiencias

Guardat en:
Dades bibliogràfiques
Autor corporatiu: Ashoka (Autor)
Format: Llibre
Idioma:espanyol
Publicat: Buenos Aires Ashoka 2009
Matèries:
Etiquetes: Afegir etiqueta
Sense etiquetes, Sigues el primer a etiquetar aquest registre!

MARC

LEADER 00000nam a2200000 a 4500
001 UCG5630
003 CL-VaPUC
008 110310e20090000AG |||||||||||||||||spa|d
082 0 4 |a 320.6  |b ASH  |2 21 
110 2 |a Ashoka  |e author  |9 555319 
245 1 0 |a Incidencia en Políticas Públicas. Sistematización de las experiencias 
300 |a 126 p 
942 |c BK 
945 |d 20110310 00:00:00  |a jcampos 
260 |a Buenos Aires  |b Ashoka  |c 2009 
650 0 |a Políticas públicas  |9 309677 
650 0 |a Emprendimiento  |9 553262 
650 0 |a Sociedad  |9 307903 
651 0 |a América Latina   |9 255027 
651 0 |a Argentina  |9 254888 
651 7 |a CHILE  |2 CL-VaPUC  |9 555320 
651 0 |a Uruguay  |9 255194 
583 |a last modification  |c 20110310 00:00:00  |k Rodrigo Vera 
999 |c 344033  |d 344031